Colombia en presencia de las Repúblicas americanas 1884

Salvato in:
Dettagli Bibliografici
Autore principale: Aguilar, Federico C (Autore)
Natura: Libro
Lingua:spagnolo
Pubblicazione: Bogotá Imprenta de Ignacio Borda 1884
Edizione:1a. ed
Soggetti:
Tags: Aggiungi Tag
Nessun Tag, puoi essere il primo ad aggiungerne!!

MARC

LEADER 00000nam a2200000 a 4500
001 UCJ3614
003 CL-VaPUC
008 070124e18840000CK |||||||||||||||||spa|d
082 0 4 |a 910.4  |b AGU  |2 21 
100 0 |a Aguilar, Federico C  |e author  |9 505629 
245 1 0 |a Colombia en presencia de las Repúblicas americanas 1884 
250 |a 1a. ed 
300 |a 315 p 
942 |c BK 
945 |d 20070124 00:00:00  |a rinostro 
260 |a Bogotá  |b Imprenta de Ignacio Borda  |c 1884 
650 0 |a Viajes  |9 257115 
650 0 |a Geografía  |9 259346 
650 7 |a HIDROGRAFIA  |2 CL-VaPUC  |9 261115 
650 0 |a Comercio  |9 255341 
650 7 |a TRANSPORTE  |2 CL-VaPUC  |9 256365 
650 0 |a Recursos naturales  |9 255232 
650 0 |a Población  |9 257577 
650 0 |a Educación  |9 258661 
650 0 |a Economía   |9 255568 
650 0 |a Cultura  |9 269059 
650 0 |a Relaciones Internacionales  |9 255740 
650 0 |a Estadísticas  |9 258644 
651 0 |a México  |9 255269 
651 0 |a Colombia  |9 256424 
651 7 |a CHILE  |2 CL-VaPUC  |9 505630 
651 0 |a Perú  |9 256567 
651 0 |a Bolivia  |9 255454 
651 0 |a Paraguay  |9 255336 
651 0 |a Argentina  |9 254888 
651 0 |a Ecuador  |9 258378 
651 0 |a Venezuela  |9 254993 
651 0 |a Santiago  |9 265444 
651 0 |a Valparaíso, Chile  |9 261144 
583 |a last modification  |c 20070124 00:00:00  |k Rodrigo Vera 
999 |c 319736  |d 319734 
952 |0 0  |1 0  |4 0  |6 910_400000000000000_AGU_1884  |7 0  |8 X  |9 398103  |a FDOBUD  |b FDOBUD  |d 2019-11-22  |i 1006037  |o 910.4 AGU 1884  |p 1006037  |r 2019-11-22  |w 2019-11-22  |y BK_X  |k BUD